000 00255nam a2200133Ia 4500
100 _aFord Henry
942 _cBK
654 _aShop Theory
245 _aShop Theory
260 _bMcGraw Hill
082 _a670.4
_bNic
546 _aENGLISH
999 _c25539
_d25539